[Event "Eastern Asia-ch U10"]
[Site "Tornelo INT"]
[Date "2021.10.31"]
[Round "7"]
[White "Sathvik, Adiga"]
[Black "Tom, Joseph"]
[Result "1/2-1/2"]
[WhiteElo "1206"]
[BlackElo "1216"]
[PlyCount "133"]
[EventDate "2021.10.29"]
[EventType "swiss"]
[EventRounds "9"]
[EventCountry "NET"]
[SourceTitle "EXT 2023"]
[Source "ChessBase"]
[SourceDate "2022.10.05"]
[SourceVersion "1"]
[SourceVersionDate "2022.10.05"]
[SourceQuality "1"]

1. e4 e6 2. d4 d5 3. Bd3 dxe4 4. Bxe4 Nf6 5. Bf3 c5 6. Ne2 Nc6 7. Be3 cxd4 8. Nxd4 Ne5 9. Nc3 Be7 10. Ndb5 Nxf3+ 11. gxf3 Qxd1+ 12. Rxd1 Bd8 13. Bc5 Nd5 14. Nxd5 exd5 15. c4 b6 16. Ba3 Ba6 17. Rxd5 Bxb5 18. cxb5 f6 19. 0-0 Kf7 20. Rd7+ Kg6 21. Rfd1 Re8 22. Rb7 f5 23. Rdd7 Bf6 24. Bb4 Red8 25. Rxa7 Rxd7 26. Rxa8 Bxb2 27. a4 Rd4 28. Be1 Rd1 29. Kf1 Bc3 30. Re8 Kg5 31. Re6 Ba5 32. Re3 Kh4 33. Re7 Kh3 34. Re5 Kxh2 35. f4 Kh3 36. f3 Bc3 37. Re6 g6 38. Kf2 Bd4+ 39. Kf1 Rd3 40. Ke2 Ra3 41. a5 bxa5 42. b6 Rb3 43. Bxa5 Kg3 44. Rd6 Bg1 45. Be1+ Kg2 46. Ba5 Rb5 47. Rd8 Rxa5 48. b7 Ra2+ 49. Kd1 Ba7 50. Ra8 Rb2 51. Rxa7 Kxf3 52. Kc1 Rb6 53. Kc2 Kxf4 54. Kc3 h5 55. Ra4+ Kg3 56. Rb4 Rxb7 57. Rxb7 h4 58. Rg7 h3 59. Rxg6+ Kf3 60. Rh6 Kg2 61. Rg6+ Kf3 62. Kd3 h2 63. Rh6 Kg2 64. Ke3 h1Q 65. Rxh1 Kxh1 66. Kf4 Kg2 67. Kxf5 1/2-1/2

[Event "Eastern Asia-ch U10"]
[Site "Tornelo INT"]
[Date "2021.10.30"]
[Round "4"]
[White "Tom, Joseph"]
[Black "Vayum, Goel"]
[Result "1/2-1/2"]
[WhiteElo "1216"]
[BlackElo "1103"]
[PlyCount "116"]
[EventDate "2021.10.29"]
[EventType "swiss"]
[EventRounds "9"]
[EventCountry "NET"]
[SourceTitle "EXT 2023"]
[Source "ChessBase"]
[SourceDate "2022.10.05"]
[SourceVersion "1"]
[SourceVersionDate "2022.10.05"]
[SourceQuality "1"]

1. e4 e6 2. d3 d5 3. Nd2 Nf6 4. Ngf3 Be7 5. Be2 dxe4 6. dxe4 0-0 7. 0-0 b6 8. e5 Nd5 9. Ne4 Ba6 10. Bxa6 Nxa6 11. c3 Nc5 12. Nxc5 Bxc5 13. Bg5 Be7 14. Bxe7 Nxe7 15. Qc2 Ng6 16. Rad1 Qe7 17. Qe4 Rad8 18. Nd4 Qc5 19. f4 a5 20. Kh1 Qd5 21. Qxd5 Rxd5 22. Ne2 Rfd8 23. Rd4 c5 24. Re4 Rd2 25. Rb1 Rd1+ 26. Rxd1 Rxd1+ 27. Ng1 Ra1 28. a3 Ra2 29. g3 Rxb2 30. Ne2 Ra2 31. a4 Kf8 32. Kg2 c4 33. Kf3 Rxa4 34. Nd4 Ne7 35. Re2 Nd5 36. Rc2 Ra3 37. Ne2 b5 38. Ke4 Ke7 39. Rb2 Rb3 40. Rc2 a4 41. Kd4 a3 42. Ra2 Rb2 43. Rxa3 Rxe2 44. Ra7+ Kf8 45. Ra8+ Ke7 46. Ra7+ Ke8 47. Ra8+ Kd7 48. Kc5 Nxc3 49. Ra7+ Kc8 50. Kc6 Kb8 51. Rxf7 b4 52. Rb7+ Ka8 53. Rxb4 Rd2 54. Rxc4 Nd1 55. Kc7 Ra2 56. Rd4 Ra7+ 57. Kc8 Ne3 58. Rd6 Ng4 1/2-1/2